Seine Saint Denis - Statistiques

Statistiques générales
  • Ce quiz a été pris 36 fois
  • Le résultat moyen est 11 sur 20
Statistiques - réponses
Hint Réponse % Correct
Nombre de lignes de tramway traversant le département 5
84%
Nombre de lignes de métro traversant desservant le département 8
74%
Deuxième ville du département en termes d'habitants Montreuil
74%
Aéroport portant en partie le nom d'une commune du département Paris-Le Bourget
74%
Centre commercial à Rosny sous Bois Rosny 2
74%
Commune accueillant un parc des expositions Villepinte
71%
Premier tramway d'Ile de France toujours en service T1
68%
Commune étant exclusivement une île L'Ile Saint Denis
61%
Commune fusionnée à Saint Denis depuis le 1er janvier 2025 Pierrefitte sur Seine
61%
Nombre de communes 39
55%
Gare desservit par le transilien K Aulnay sous Bois
55%
Station de métro entre Robespierre et Mairie de Montreuil Croix de Chavaux
48%
Terminus de la ligne 3 du métro Gallieni
48%
Sous préfecture surnommée "Petit Neuilly du 93" Le Raincy
48%
Dernière station de la branche principale du RER E direction Est Noisy le Sec
42%
Le plus grand parc Parc Départemental Georges Valbon
42%
Tram express reliant l'Ouest à l'Est T11
42%
Gare du RER E à Noisy le Grand Les Yvris-Noisy le Grand
26%
Commune la plus dense du département Le Pré Saint Gervais
19%
Parc à Neuilly Plaisance Parc des Côteaux d'Avron
13%
Aucun quiz correspondant
Distribution des résultats
% des personnes avec chaque résultat
Percentile par nombre de réponses
Votre historique - résultats
Vous n’avez pas pris ce quiz